Normal view
MARC view
Entry Personal Name
001 - CONTROL NUMBER
- control field: 48742
003 - CONTROL NUMBER IDENTIFIER
- control field: dpl
005 - DATE AND TIME OF LATEST TRANSACTION
- control field: 20120608145528.0
008 - FIXED-LENGTH DATA ELEMENTS
- fixed length control field: 120608|||a|||||| | ||| d
040 ## - CATALOGING SOURCE
- Original cataloging agency: dpl
- Transcribing agency: dpl
100 ## - HEADING--PERSONAL NAME
- Personal name: लक्ष्मण प्रसाद
670 ## - SOURCE DATA FOUND
- Source citation: Work cat.: (dpl)67686: लक्ष्मण प्रसाद, आइये आविष्कारक बनें /, 2005
670 ## - SOURCE DATA FOUND
- Source citation: Work cat.: (dpl)67686: लक्ष्मण प्रसाद, आइये आविष्कारक बनें /, 2005
